| 000 | 00527nam a2200193Ia 4500 | ||
|---|---|---|---|
| 003 | GCL | ||
| 008 | 140319s9999 xx 000 0 ara d | ||
| 040 |
_aGCL / _cGCL |
||
| 082 | 0 | 4 |
_a336 _bا ع |
| 100 | 1 | _aاحمد جامع | |
| 245 | 1 | 0 |
_aعلم المالية العامة / _cاحمد جامع |
| 260 |
_a[S.N] : _bمكتبة سيد عبد الله وهبة |
||
| 300 | _a400 ص | ||
| 490 | _a | ||
| 650 | 0 | 4 | _aالاقتصاد |
| 650 | 0 | 4 | _aالتنمية |
| 650 | 0 | 4 | _aالمالية العامة |
| 942 |
_2ddc _cBK |
||
| 999 |
_c31726 _d31726 |
||